000 00332nam a2200157Ia 4500
003 Ost
005 20260225132552.0
008 260225s9999||||xx |||||||||||||| ||und||
040 _cfsic
041 _afre
082 _a440
100 _aC.Normand
_eAuteur
245 0 _aAvant sanssure /
245 0 _cC.Normand
942 _cكتاب
999 _c34241
_d34241